000 01067cab a2200277 4500
001 WB2934-07
008 090401t1993 xxu||||| |||| 00| 0 eng d
035 _a(Sirsi) u24977
041 _aeng
245 _aSteel frames cheaper
260 _c1993
350 _a0
490 _aNew Civil Engineer
_v(1056) 16 September 1993, 6(1)
520 _aSteel frames are cheaper than concrete for office blocks according to the Steel Construction Institute, using costs supplied by Davis Langdon & Everest. The Reinforced Concrete Council is to produce a contradictory study. "Comparative structure cost of modern commercial buildings" SCI £40 non-members.
650 _aBUILT ENVIRONMENT-BUILDING COSTS
650 _aBUILT ENVIRONMENT-CONSTRUCTION DESIGN
650 _aCONCRETE
650 _aOFFICE BLOCKS
650 _aREINFORCED CONCRETE COUNCIL
650 _aSTEEL CONSTRUCTION INSTITUTE
650 _aSTEEL FRAMES
690 _aBUILT ENVIRONMENT-BUILDING COSTS
690 _aBUILT ENVIRONMENT-BUILDING MATERIALS
942 _n0
948 _c04/03/1997
999 _c16750
_d16750